Escuela nacional de maestros : sus origenes.

Shranjeno v:
Bibliografske podrobnosti
Glavni avtor: Jiménez Alarcón, Concepción (autor)
Drugi avtorji: Monsiváis, Carlos, coord (autor) coord, (autor)
Format: Knjiga
Jezik:španščina
Teme:
Oznake: Označite
Brez oznak, prvi označite!

MARC

LEADER 00000cam^a2200000uu^4500
001 000461970
005 20250521000000.0
008 050901s1987^^^^^^^^^^^^rd^r^^000^0^spa^d
009 20260310124237.138
022 |a 968291678X 
035 |a FCE 000004472 
035 |a FCE 017075 
037 |a Acervo ITESO - Biblioteca 
041 |a spa 
082 0 4 |a 370.71  |b JIMe 
100 |a Jiménez Alarcón, Concepción  |e (autor) 
245 1 0 |a Escuela nacional de maestros :  |b sus origenes. 
264 |a México :  |b SEP,  |c 1987. 
300 |a 302 p. 
336 |a texto  |b txt  |2 rdacontenido 
337 |a sin mediación  |b n  |2 rdamedio 
338 |a volumen  |b nc  |2 rdasoporte 
649 |a XX 
650 |a Desarrollo de la educación 
650 |a Reforma de la educación 
650 |a Magisterio 
650 |a Capacitación 
650 |a Políticas de educación 
650 |a Educación normal 
700 |a Monsiváis, Carlos,  |e coord  |e (autor) 
910 |a Fondo Centro de Estudios Educativos 
920 |a Impresos - Libros 
930 |a Fondos Especiales 
905 |a 133 
901 |a ALE017075  |b IT2  |c CEE  |u 20250521 
901 |a ALE042212  |b IT2  |c CEE  |u 20250521 
902 |a https://opac.biblio.iteso.mx/vufind/Record/000461970